Tiere Amerikas mit einem Hinweis #2 - Statistiken

Allgemein
  • Dieses Quiz wurde 50 mal gespielt
    47 seit der letzten Aktualisierung
  • Das Durchschnittsergebnis liegt bei 10 aus 19
Antwortstatistiken
Hinweis Antwort % Korrekt
Bekannt für seine großen Staudämme Kanadischer Biber
95%
Bekannteste Unterart des Braunbären Grizzlybär
86%
Frisst bis zu 30.000 Ameisen täglich Großer Ameisenbär
80%
Wolllieferant der Andenvölker Lama
77%
Benannt nach ihrer aus Hornringen bestehende Schwanzrassel Texas-Klapperschlange
75%
Eine der größten Schlangen der Welt, die sogar Hirsche und Tapire erbeutet Große Anakonda
64%
Großes, geflecktes Raubtier, das sogar Kaimane erlegt Jaguar
61%
Wegen ihres Aggressionsverhaltens berüchtigte Süßwasserfischart, die in großen Schwärmen lebt Roter Piranha
61%
Sein oranger Schnabel wird bis zu 20 cm lang Riesentukan
59%
Häufigste Robbenart in Zoos und Zirkussen Kalifornischer Seelöwe
55%
Keine eigene Art, sondern eine verwilderte Form des Hauspferds Mustang
55%
Größter Greifvogel der Welt Andenkondor
52%
Größtes Nagetier der Welt Wasserschwein
52%
Ähnelt dem eurasischen Eichhörnchen Grauhörnchen
34%
Die einzigen giftigen Echsen (Nennen Sie eine) Gila-Krustenechse | Skorpion-Krustenechse
27%
Nach vogelähnlichen Dämonen der griechischen Mythologie benannt Harpyie
27%
Insekt, das bei seinen Wanderungen über 3000 km zurücklegt Monarchfalter
20%
Bildet Kolonien mit teilweise über 5000 Individuen Schwarzschwanz-Präriehund
14%
Fledermaus mit bis zu 5 cm langen Ohren Townsend-Langohr
14%
Keine übereinstimmenden Quizze gefunden
Verteilung der Resultate
Anzahl Personen mit jedem Resultat
Perzentil nach korrekt beantworteten Fragen
Ihre Resultats-Entwicklung
Sie haben dieses Quiz seit der letzten Aktualisierung nicht gespielt